Ba hồi chuông : Tập truyện ngắn

সংরক্ষণ করুন:
গ্রন্থ-পঞ্জীর বিবরন
প্রধান লেখক: Huỳnh, Dũng Nhân
বিন্যাস: গ্রন্থ
ভাষা:Undetermined
প্রকাশিত: Thành phố Hồ Chí Minh Tổng Hợp Thành phố Hồ Chí Minh 2004
বিষয়গুলি:
ট্যাগগুলো: ট্যাগ যুক্ত করুন
কোনো ট্যাগ নেই, প্রথমজন হিসাবে ট্যাগ করুন!
Thư viện lưu trữ: Trung tâm Học liệu Trường Đại học Cần Thơ
LEADER 00619nam a2200205Ia 4500
001 CTU_95878
008 210402s9999 xx 000 0 und d
020 |c 15000 
082 |a 895.922301 
082 |b Nh121 
100 |a Huỳnh, Dũng Nhân 
245 0 |a Ba hồi chuông : 
245 0 |b Tập truyện ngắn 
245 0 |c Huỳnh Dũng Nhân 
260 |a Thành phố Hồ Chí Minh 
260 |b Tổng Hợp Thành phố Hồ Chí Minh 
260 |c 2004 
650 |a Short stories, vietnamese 
904 |i Mai Loan 
980 |a Trung tâm Học liệu Trường Đại học Cần Thơ